书目信息 |
| 题名: |
快速看懂液压气动系统图
|
|
| 作者: | 张应龙 主编 | |
| 分册: | ||
| 出版信息: | 北京 化学工业出版社 2017 |
|
| 页数: | 270页 | |
| 开本: | 21cm | |
| 丛书名: | ||
| 单 册: | ||
| 中图分类: | TH137 , TH138 | |
| 科图分类: | ||
| 主题词: | 液压系统--ye ya xi tong--原理图 , 气压系统--qi ya xi tong--原理图 | |
| 电子资源: | ||
| ISBN: | 978-7-122-29414-2 | |
| 000 | 01067nam0 2200277 450 | |
| 001 | 012017000204 | |
| 005 | 20180111085810.59 | |
| 010 | @a978-7-122-29414-2@b@dCNY49.80 | |
| 100 | @a20170603d2017 em y0chiy0121 ea | |
| 101 | 0 | @achi |
| 102 | @aCN@b110000 | |
| 105 | @aak a 000yy | |
| 106 | @ar | |
| 200 | 1 | @a快速看懂液压气动系统图@Akuai su kan dong ye ya qi dong xi tong tu@f张应龙主编@g |
| 210 | @a北京@c化学工业出版社@d2017 | |
| 215 | @a270页@c图@d21cm | |
| 320 | @a有书目 | |
| 330 | @a本书按照“常用元件-基本回路-典型系统”的体系进行论述, 以2009版最新国家标准为准, 介绍了识读液压与气动系统图的基础知识, 常见的动力元件、执行元件、控制元件、辅助元件的工作原理和结构, 以及由上述各类元件组成的各种基本回路; 在此基础上, 为满足机械类不同行业的需要, 介绍了典型的液压与气动系统。 | |
| 606 | 0 | @a液压系统@Aye ya xi tong@x原理图 |
| 606 | 0 | @a气压系统@Aqi ya xi tong@x原理图 |
| 690 | @aTH137@v5 | |
| 690 | @aTH138@v5 | |
| 701 | 0 | @a张应龙@Azhang ying long@4主编 |
| 801 | 0 | @aCN@b湖北三新@c20170627@g |
| 905 | @aBZT@dTH137@e13 | |
| 906 | @dCNY49.80@n5@r1 | |
| 快速看懂液压气动系统图/张应龙主编.-北京:化学工业出版社,2017 |
| 270页:图;21cm |
| ISBN 978-7-122-29414-2:CNY49.80 |
| 本书按照“常用元件-基本回路-典型系统”的体系进行论述, 以2009版最新国家标准为准, 介绍了识读液压与气动系统图的基础知识, 常见的动力元件、执行元件、控制元件、辅助元件的工作原理和结构, 以及由上述各类元件组成的各种基本回路; 在此基础上, 为满足机械类不同行业的需要, 介绍了典型的液压与气动系统。 |
| ● |
| 相关链接 |
|
|
|
正题名:快速看懂液压气动系统图
索取号:TH137/13
 
预约/预借
| 序号 | 登录号 | 条形码 | 馆藏地/架位号 | 状态 | 备注 |
| 1 | 841207 | 2000841207 | 第二书库/ [索取号:TH137/13] | 在馆 | |
| 2 | 841208 | 2000841208 | 第二书库/ [索取号:TH137/13] | 在馆 | |
| 3 | 841209 | 2000841209 | 第二书库/ [索取号:TH137/13] | 在馆 |